000 01618cam a22001934a 4500
005 20250605163932.0
008 250528s ||||||||||||||||||||||||d
035 _a14727
020 _a9603441465
040 _aGR-AtMCL
_bgre
_dGR-AtMCL
_eAACR2
245 1 _aΕφαρμοσμένη Ψυχολογία
260 _bΕλληνικά Γράμματα,
_c1995
300 _a312
520 _aΤο βιβλιο αυτό επιδιώκει να προσφέρει μια συνολική - έστω και συνοπτική - εικόνα της επιστήμης της Ψυχολογίας, να εξοικειώσει το μη ειδικό αναγνώστη με το περίγραμμα και τους γενικότερους προβληματισμούς της. Πρόλογος, Γενική Άποψη της Επιστήμης, Διαμόρφωση της Συμπεριφοράς, Επαφή με το Περιβάλλον, Αναπτυξιακή ή Εξελικτική Ψυχολογία, Διαπροσωπικές Σχέσεις, Τα Συναισθήματα μας, Ψυχοδιανοητικές Διεργασίες, Θέματα Προσωπικής Προσαρμογής, Βιομηχανική - Οργανωσιακή Ψυχολογία, Προσωπικό Επιχείρησης - Οργανισμού, Παραγωγή - Παραγωγικότητα Επιχείρησης - Οργανισμού, Δυναμική του Οργανισμού, Βιβλιογραφία.
700 1 _aΠιπερόπουλος Γιώργος Π
_9473
942 _cBK
999 _c347
_d347